000 00398cam a2200157ua 4500
041 _aeng
_h
082 _a828.09
_bBRO/SH
100 _aBrown, John Russell .
245 0 0 _aShakespeare ansd his Comedies /
_cJohn Russell Brown.
_hTextual Documents
250 _a2 /
_b.
260 _aLondon :
_bMethuen Co Ltd ,
_c1964.
300 _a252 ; .
504 _a
942 _cBK
999 _c2852
_d2852